The selected work of Tom Paine
Gorde:
| Egile nagusia: | |
|---|---|
| Formatua: | Liburua |
| Hizkuntza: | Undetermined |
| Argitaratua: |
New York
Duell, Sloan and Pearce
1945
|
| Etiketak: |
Etiketa erantsi
Etiketarik gabe, Izan zaitez lehena erregistro honi etiketa jartzen!
|
| Thư viện lưu trữ: | Trung tâm Học liệu Trường Đại học Cần Thơ |
|---|
| LEADER | 00440nam a2200169Ia 4500 | ||
|---|---|---|---|
| 001 | CTU_77592 | ||
| 008 | 210402s9999 xx 000 0 und d | ||
| 082 | |a 973.91 | ||
| 082 | |b F251 | ||
| 100 | |a Fast, Howard | ||
| 245 | 4 | |a The selected work of Tom Paine | |
| 245 | 0 | |c Howard Fast | |
| 260 | |a New York | ||
| 260 | |b Duell, Sloan and Pearce | ||
| 260 | |c 1945 | ||
| 904 | |i Năm | ||
| 980 | |a Trung tâm Học liệu Trường Đại học Cần Thơ | ||